• 首页
  • 本馆介绍
  • 公告通知
  • 最新文献
  • 馆藏检索
  • 电子资源
  • 读者导购
  • 参考咨询
  • 我的图书馆
  • 登录
  • 详细信息显示
  • 放入我的书架
  • 预约/预借图书
  • 作者相关作品
  • 分类相关作品
  • 丛书相关作品
  • 出版社相关作品

书目信息

  • 表格格式
  • 工作单格式
  • 卡片格式
题名:
中小学生如何正确使用网络
    
 
作者: 魏华 , 都洋灵 编著
分册:  
出版信息: 广州   广东世界图书出版公司  2010
页数: 198页
开本: 23cm
丛书名: 学会学习丛书
单 册:
中图分类: TP393-49
科图分类:
主题词: 计算机网络--青年读物 , 计算机网络
电子资源:
ISBN: 978-7-5100-2019-3
000 00926oam2 2200289 450
001 5452
005 20180528203746.22
010    @a978-7-5100-2019-3@dCNY25.80
100    @a20110803d2010 am y0chiy50 ea
101 0  @achi
102    @aCN@b440000
105    @ay z 000yy
200 1  @a中小学生如何正确使用网络@9zhong xiao xue sheng ru he zheng que shi yong wang luo@f魏华,都洋灵编著@g本书编写组编
210    @a广州@c广东世界图书出版公司@d2010
215    @a198页@d23cm
225 1  @a学会学习丛书
300    @a光辉书房新知文库/石恢总主编
308    @a丛书主编:石柠、庄力可等
330    @a本书介绍了什么是网络以及怎样上网、如何使用网络等基本知识。
461  0 @12001 @a学会学习丛书
606 0  @a计算机网络@j青年读物
606 0  @a计算机网络
690    @aTP393-49@v4
701  0 @a魏华@9wei hua@4编著
701  0 @a都洋灵@9du yang ling@4编著
801  0 @aCN@b91MARC@c20130904
905    @aMuseLib@dTP393-49@e1128
    
    中小学生如何正确使用网络/魏华,都洋灵编著/本书编写组编.-广州:广东世界图书出版公司,2010
    198页;23cm.-(学会学习丛书)
    光辉书房新知文库/石恢总主编
    
    ISBN 978-7-5100-2019-3:CNY25.80
    本书介绍了什么是网络以及怎样上网、如何使用网络等基本知识。
●
相关链接 在E读中查询图书 在五车中查询图书 在当当中查询图书 在豆瓣中查询图书


正题名:中小学生如何正确使用网络     索取号:TP393-49/1128         预约/预借

序号 登录号 条形码 馆藏地/架位号 状态 备注
1 1113338   211133389   第二样本阅览室/ [索取号:TP393-49/1128] 在馆    
2 1113339   211133398   教育系资料室/ [索取号:TP393-49/1128] 在馆    
3 1113340   211133405   教育系资料室/ [索取号:TP393-49/1128] 在馆    
4 1113341   211133414   第三借阅区/ [索取号:TP393-49/1128] 在馆    
唐山师范学院图书馆 欢迎您!
大连网信软件有限公司© 版权所有